Normal view
MARC view
- Gupta, S. K
Entry Personal Name
001 - CONTROL NUMBER
- control field: 36772
003 - CONTROL NUMBER IDENTIFIER
- control field: NUST
005 - DATE AND TIME OF LATEST TRANSACTION
- control field: 20210314130107.0
008 - FIXED-LENGTH DATA ELEMENTS
- fixed length control field: 210314|| aca||aabn | a|a d
040 ## - CATALOGING SOURCE
- Original cataloging agency: NUST
- Transcribing agency: NUST
100 ## - HEADING--PERSONAL NAME
- Personal name: Gupta, S. K
670 ## - SOURCE DATA FOUND
- Source citation: Work cat.: (NUST): Dhaliwal, R. S. 36770, Programming with FORTRAN 77 :, 1989.
